Statistics for hard mexico soccer quiz

Click here to take the quiz!

General Stats

  • This quiz has been taken 344 times
  • The average score is 6 of 10

Answer Stats

Hint Answer % Correct
red and whitechivas
90%
tigertigres
85%
white and bluecruz azul
70%
tijuanaxolos
69%
moreliamonarcas
68%
white and greensantos
64%
red and whitetoluca
45%
blue and whitepuebla
40%
red and blueatlante
40%
mean girlmercy
3%

Score Distribution

Percentile by Number Answered

Percent of People with Each Score

Your Score History

You have not taken this quiz